000 01347cam a2200289 i 4500
003 SA-RiAUC
005 20250217072030.0
008 250129s1996 su g b 00110 ara c
020 _a9960661326
040 _aSA-RiAUC
_bara
_cSA-RiAUC
_erda
082 0 4 _a259
_qSA-RiAUC
090 _a259
_bخ ج ن
100 1 _aالخجندي، محمد سلطان بن محمد أورون،
_d1297-1380 هجري
_eمؤلف.
245 1 0 _aأجوبة المسائل الثمان في السنة والبدعة والكفر والإيمان /
_cتأليف محمد سلطان المعصومي ؛ حققها وعلق عليها علي بن حسن بن علي بن عبد الحميد الحلبي الأثري.
250 _aالطبعة الأولى.
264 1 _aالرياض :
_bدار الراية للنشر والتوزيع،
_c[1996]
300 _a160 صفحة ؛
_c23 × 15 سم
336 _aنص
_btxt
_2rdacontent
_3كتاب
337 _aبدون وسيط
_bn
_2rdamedia
338 _aمجلد
_bnc
_2rdacarrier
500 _aكشاف الأحاديث والآثار : صفحة 143.
504 _aببليوجرافية : صفحة 137.
650 7 _aالفقه الإسلامي
_2aucsh
700 1 _aالأثري، علي بن حسن بن علي،
_d1960-2020
_eمحقق.
942 _2ddc
_cBOOK
_n0
949 _aSA-JeALM
_d250129
_umohamedma123
_n1
999 _c6006
_d6006